000 00644nam a22002297a 4500
005 20170124110008.0
010 _a175678
020 _c00.00
035 _a175678
037 _bCen Lib/Ret
040 _aDPL
_bEN
082 _a368.5
_bELL
100 _aElliott, Curtis M.
_917177
245 _aProperty casuality insurance /
_cby Curtis M. Elliott
260 _aNew York
_b McGraw Hill Book Company
_c1960
270 _bNew York
_aUnited States of America
300 _a200p.
_c19cm(Hb)
500 _aIncludes index
650 _aInsurance
_916071
650 _aProperty law
_917178
942 _2ddc
_cEN
_h368.5
_mELL
999 _c126301
_d126301